[Event "2. Bundesliga Mitte 2005/2006"]
[Site "Ansfelden"]
[Date "2005.11.06"]
[Round "4.4"]
[White "Sandhoefner, Florian"]
[Black "Neubauer, Martin"]
[Result "1/2-1/2"]
[WhiteElo "2268"]
[BlackElo "2444"]
[PlyCount "80"]
[EventDate "2005.??.??"]

1. e4 e5 2. Nf3 Nc6 3. Bb5 Nf6 4. O-O Nxe4 5. d4 Nd6 6. Bxc6 dxc6 7. dxe5 Nf5
8. Qxd8+ Kxd8 9. Nc3 Ke8 10. Ne4 h6 11. b3 a5 12. a4 Be7 13. Ba3 Bxa3 14. Rxa3
h5 15. Rd1 Ke7 16. Raa1 Be6 17. Nc5 b6 18. Nxe6 fxe6 19. Rd2 Rad8 20. Rad1 Rxd2
21. Rxd2 c5 22. h3 h4 23. Kf1 c6 24. Ke1 Rb8 25. Re2 b5 26. Re4 Rd8 27. Ke2 Rh8
28. c3 Rh6 29. Rg4 Rh8 30. Kd2 Rd8+ 31. Kc2 Rh8 32. Nd2 Rd8 33. Nf3 Rf8 34. Kb2
Rd8 35. Kc2 Rf8 36. Rg6 Kf7 37. Rg5 Rh8 38. Rg4 Ke7 39. Rg6 Kf7 40. Rg4 Ke7
1/2-1/2

[Event "2. Bundesliga Mitte 2005/2006"]
[Site "Ansfelden"]
[Date "2005.11.06"]
[Round "4.4"]
[White "Mazi, Leon"]
[Black "Tober, Gerhard"]
[Result "1/2-1/2"]
[WhiteElo "2376"]
[BlackElo "2277"]
[PlyCount "58"]
[EventDate "2005.??.??"]

1. e4 c5 2. Nf3 Nc6 3. d4 cxd4 4. Nxd4 e5 5. Nb5 d6 6. c4 f5 7. exf5 Bxf5 8.
Bd3 Be6 9. O-O Nf6 10. Nd2 Be7 11. b3 O-O 12. Ne4 Nxe4 13. Bxe4 Qd7 14. Bd5
Rad8 15. Be3 a6 16. Nc3 Nb4 17. Bxe6+ Qxe6 18. a3 Nc6 19. Qd3 Rd7 20. Rad1 Qf5
21. Ne4 d5 22. cxd5 Bxa3 23. b4 Nxb4 24. Qxa3 Qxe4 25. Bc5 Nc2 26. Qh3 Rff7 27.
Qe6 h6 28. d6 b5 29. Rd5 Qc4 1/2-1/2

[Event "2. Bundesliga Mitte 2005/2006"]
[Site "Ansfelden"]
[Date "2005.11.06"]
[Round "4.4"]
[White "Heimberger, Reinhard"]
[Black "Jurkovic, Hrvoje"]
[Result "1/2-1/2"]
[WhiteElo "2268"]
[BlackElo "2453"]
[PlyCount "68"]
[EventDate "2005.??.??"]

1. d4 f5 2. g3 Nf6 3. Bg2 g6 4. Nf3 Bg7 5. O-O O-O 6. b3 d6 7. Bb2 c6 8. c4 Na6
9. Nbd2 e5 10. dxe5 Ng4 11. Qc2 Nxe5 12. a3 Qe7 13. b4 Be6 14. Nxe5 dxe5 15. c5
Nc7 16. Nc4 Bxc4 17. Qxc4+ Qf7 18. Qxf7+ Kxf7 19. Rfd1 Rfd8 20. e4 Nb5 21. a4
Nd4 22. Bxd4 exd4 23. exf5 gxf5 24. b5 Rac8 25. Rab1 Rc7 26. bxc6 bxc6 27. Rd3
Bf8 28. Rc1 Re7 29. Bxc6 Rc7 30. Bb5 Rxc5 31. Rxc5 Bxc5 32. Rf3 Ke6 33. Bd3 Rf8
34. Kg2 Bd6 1/2-1/2

[Event "2. Bundesliga Mitte 2005/2006"]
[Site "Ansfelden"]
[Date "2005.11.06"]
[Round "4.4"]
[White "Hebesberger, Thomas"]
[Black "Kranzl, Peter"]
[Result "1/2-1/2"]
[WhiteElo "2299"]
[BlackElo "2218"]
[PlyCount "61"]
[EventDate "2005.??.??"]

1. c4 Nf6 2. Nc3 g6 3. e4 d6 4. d4 Bg7 5. Bd3 O-O 6. Nge2 c5 7. d5 e6 8. Bg5
Qa5 9. O-O exd5 10. exd5 Nbd7 11. f4 Ng4 12. f5 Re8 13. Ne4 Qb6 14. N2g3 Nge5
15. Be2 a5 16. Qd2 Ra6 17. Bh6 f6 18. fxg6 hxg6 19. Rac1 Qd8 20. Rc3 Bh8 21. h4
Nf7 22. Rcf3 Qe7 23. Bd3 Nfe5 24. Rf4 Qh7 25. Bg5 f5 26. Nc3 Nxd3 27. Qxd3 Ne5
28. Qc2 Nf7 29. Nce4 Bd4+ 30. Kh2 Qg7 31. h5 1/2-1/2

[Event "2. Bundesliga Mitte 2005/2006"]
[Site "Ansfelden"]
[Date "2005.11.06"]
[Round "4.4"]
[White "Stadler, Peter"]
[Black "Knapp, Friedrich"]
[Result "1/2-1/2"]
[WhiteElo "2175"]
[BlackElo "1982"]
[PlyCount "74"]
[EventDate "2005.??.??"]

1. d4 d5 2. Nf3 Nf6 3. c4 e6 4. Nc3 a6 5. cxd5 exd5 6. Bg5 Be7 7. e3 O-O 8. Bd3
Nbd7 9. Qc2 h6 10. Bf4 c5 11. O-O b5 12. dxc5 Nxc5 13. Be2 Bb7 14. Rac1 Rc8 15.
Qd1 b4 16. Na4 Qa5 17. Nxc5 Rxc5 18. Qb3 Rfc8 19. Rxc5 Qxc5 20. Bd3 Ne4 21. Be5
Bf6 22. Bxf6 Nxf6 23. a3 a5 24. axb4 axb4 25. Nd4 Ne4 26. Rd1 Bc6 27. Nc2 Rb8
28. h3 Bb5 29. Qxb4 Qxb4 30. Nxb4 Ba4 31. Nc2 Rxb2 32. Rc1 Nc5 33. Nb4 Nxd3 34.
Nxd3 Rc2 35. Rxc2 Bxc2 36. Nf4 Bb3 37. Kf1 Kf8 1/2-1/2

[Event "2. Bundesliga Mitte 2005/2006"]
[Site "Ansfelden"]
[Date "2005.11.06"]
[Round "4.5"]
[White "Lenic, Luka"]
[Black "Zaja, Ivan"]
[Result "1/2-1/2"]
[WhiteElo "2348"]
[BlackElo "2475"]
[PlyCount "23"]
[EventDate "2005.??.??"]

1. d4 Nf6 2. Nf3 e6 3. c4 Bb4+ 4. Nbd2 b6 5. g3 Bb7 6. Bg2 O-O 7. O-O d5 8.
cxd5 exd5 9. Ne5 Nbd7 10. Ndf3 Nxe5 11. Nxe5 Bd6 12. Bg5 1/2-1/2

[Event "2. Bundesliga Mitte 2005/2006"]
[Site "Ansfelden"]
[Date "2005.11.06"]
[Round "4.5"]
[White "Bukal, Vladimir Jr"]
[Black "Sebenik, Matej"]
[Result "1-0"]
[WhiteElo "2398"]
[BlackElo "2386"]
[PlyCount "77"]
[EventDate "2005.??.??"]

1. d4 Nf6 2. c4 g6 3. g3 Bg7 4. Bg2 O-O 5. Nc3 d6 6. Nf3 Nbd7 7. O-O e5 8. h3
exd4 9. Nxd4 Nb6 10. Qd3 Nfd7 11. b3 Nc5 12. Qd1 a5 13. e4 a4 14. Rb1 axb3 15.
axb3 c6 16. Be3 Re8 17. Qc2 Bd7 18. Rbd1 Qc7 19. Rfe1 Ra3 20. Bc1 Ra1 21. Bf4
Rxd1 22. Rxd1 Bxd4 23. Rxd4 Ne6 24. Rd3 Nxf4 25. gxf4 d5 26. c5 Nc8 27. Qd2 Ne7
28. b4 Ra8 29. exd5 cxd5 30. Nxd5 Nxd5 31. Rxd5 Bc6 32. Rd6 Bxg2 33. Kxg2 Re8
34. Qd4 h5 35. f5 Qe7 36. f6 Qe2 37. Rd8 Kh7 38. Rxe8 Qxe8 39. Qd5 1-0

[Event "2. Bundesliga Mitte 2005/2006"]
[Site "Ansfelden"]
[Date "2005.11.06"]
[Round "4.5"]
[White "Jeric, Simon"]
[Black "Bukal, Vladimir Sr"]
[Result "0-1"]
[WhiteElo "2332"]
[BlackElo "2382"]
[PlyCount "96"]
[EventDate "2005.??.??"]

1. e4 e6 2. d4 d5 3. e5 c5 4. c3 Nc6 5. Nf3 Bd7 6. a3 a5 7. Bd3 Qb6 8. Bc2 h5
9. O-O Nh6 10. Re1 Be7 11. h3 Nf5 12. Bxf5 exf5 13. dxc5 Bxc5 14. Be3 Bxe3 15.
Rxe3 Qxb2 16. Nbd2 Qb6 17. c4 d4 18. Rb1 Qc7 19. Reb3 Rb8 20. Nf1 O-O 21. Nxd4
Nxe5 22. Qxh5 f4 23. Nb5 Qc5 24. Rd1 Bc6 25. Qe2 Rfe8 26. Qc2 Nxc4 27. Nd6 Qg5
28. g3 Nxd6 29. Rxd6 Ba4 30. Qb2 Bxb3 31. Qxb3 fxg3 32. Nxg3 Re1+ 33. Kg2 Qe5
34. Rb6 Qc5 35. a4 Ra1 36. Ne4 Qc1 37. Rxb7 Qh1+ 38. Kg3 Rg1+ 39. Kf4 Qh2+ 40.
Ke3 Qxh3+ 41. f3 Qh6+ 42. Kf2 Qh2+ 43. Ke3 Re1+ 44. Kd4 Qg1+ 45. Ke5 Qg5+ 46.
Kd6 Qd8+ 47. Ke5 Qf6+ 48. Kd5 Qe6+ 0-1

[Event "2. Bundesliga Mitte 2005/2006"]
[Site "Ansfelden"]
[Date "2005.11.06"]
[Round "4.5"]
[White "Stuhlik, Marko"]
[Black "Tschohl, Christof"]
[Result "1-0"]
[WhiteElo "2196"]
[BlackElo "2065"]
[PlyCount "175"]
[EventDate "2005.??.??"]

1. g3 Nf6 2. Bg2 e6 3. Nf3 d5 4. O-O c5 5. c4 Nc6 6. d4 cxd4 7. cxd5 exd5 8.
Nxd4 Bc5 9. Nxc6 bxc6 10. Qc2 Qb6 11. Nc3 Bd4 12. Na4 Qb5 13. Bf4 O-O 14. e3
Bb6 15. Rfc1 c5 16. Bd6 Rd8 17. Be7 Rd7 18. Bxf6 gxf6 19. Nc3 Qc6 20. Rd1 Bb7
21. Nxd5 Rad8 22. Nf4 Qc7 23. Rxd7 Rxd7 24. Bxb7 Qxb7 25. Rd1 Rxd1+ 26. Qxd1
Qc8 27. b3 Qf5 28. Qd5 Qe5 29. Qxe5 fxe5 30. Nd5 Bd8 31. e4 Kf8 32. Kf1 Ke8 33.
Ke2 Kd7 34. h4 Kd6 35. Ne3 Ke6 36. f3 Kd6 37. g4 Ke6 38. Nc4 Be7 39. Kd3 a6 40.
a4 Kd7 41. Ne3 Bd8 42. Nf5 f6 43. Kc4 Kc6 44. Ne3 Ba5 45. Nd5 Bd8 46. a5 Kd6
47. Nb6 Kc6 48. Na4 Be7 49. Nb2 Bd8 50. Nd3 Be7 51. g5 fxg5 52. Nxe5+ Kc7 53.
h5 Kd6 54. Nd3 Kc6 55. Ne5+ Kd6 56. Ng4 Ke6 57. Nf2 Kd6 58. h6 Bf8 59. Ng4 Ke6
60. Kc3 Be7 61. Kc4 Bf8 62. Kd3 Be7 63. Kc3 Bd8 64. Kc4 Be7 65. Nf2 Kd6 66. Nd3
Kc6 67. b4 cxb4 68. Nxb4+ Bxb4 69. Kxb4 Kd6 70. Kc4 Ke5 71. Kc5 Kf4 72. Kd5
Kxf3 73. e5 g4 74. e6 g3 75. e7 g2 76. e8=Q g1=Q 77. Qe4+ Kg3 78. Qxh7 Qd1+ 79.
Ke6 Qb3+ 80. Kf6 Qc3+ 81. Kf7 Qc4+ 82. Kf8 Qf4+ 83. Kg8 Kh4 84. Qe7+ Kh5 85. h7
Qb8+ 86. Kg7 Qg3+ 87. Kf8 Kg6 88. Qg7+ 1-0

[Event "2. Bundesliga Mitte 2005/2006"]
[Site "Ansfelden"]
[Date "2005.11.06"]
[Round "4.5"]
[White "Arztmann, Wolfgang"]
[Black "Mitter, Gerd"]
[Result "1/2-1/2"]
[WhiteElo "2090"]
[BlackElo "2181"]
[PlyCount "61"]
[EventDate "2005.??.??"]

1. g3 d5 2. Bg2 Nf6 3. Nf3 g6 4. O-O Bg7 5. d3 O-O 6. Nbd2 c6 7. e4 dxe4 8.
dxe4 Bg4 9. h3 Bxf3 10. Qxf3 Nbd7 11. Qe2 e5 12. a4 a5 13. Nc4 Qc7 14. Rd1 Nb6
15. Be3 Nxc4 16. Qxc4 Rfd8 17. Qb3 Rxd1+ 18. Rxd1 Bf8 19. Bb6 Qe7 20. Qd3 Qb4
21. Bd8 Be7 22. c3 Qc5 23. Bxe7 Qxe7 24. Qd6 Kf8 25. Qd2 Kg7 26. h4 h5 27. Qd6
Kf8 28. Qd2 Kg7 29. Qd6 Kf8 30. Qd2 Kg7 31. Qd6 1/2-1/2

[Event "2. Bundesliga Mitte 2005/2006"]
[Site "Ansfelden"]
[Date "2005.11.06"]
[Round "4.6"]
[White "Kozul, Zdenko"]
[Black "Shengelia, Davit"]
[Result "1/2-1/2"]
[WhiteElo "2639"]
[BlackElo "2553"]
[PlyCount "81"]
[EventDate "2005.??.??"]

1. d4 Nf6 2. c4 e6 3. Nf3 b6 4. a3 Ba6 5. Nbd2 d5 6. e3 Be7 7. b4 O-O 8. Qc2 c5
9. dxc5 bxc5 10. b5 Bb7 11. Bb2 Nbd7 12. Be2 Bd6 13. O-O Rc8 14. Rfd1 Qe7 15.
g3 Ba8 16. Bf1 Rfd8 17. Bg2 h6 18. a4 Bc7 19. Rac1 Ba5 20. cxd5 exd5 21. Ba3
Re8 22. Nh4 Bc7 23. Bh3 Bd6 24. Bb2 Be5 25. Nb3 Rc7 26. Bxe5 Nxe5 27. Bg2 Rcc8
28. Nf3 Nc4 29. Re1 Ne4 30. Nfd2 Nexd2 31. Nxd2 Ne5 32. Nf3 Nxf3+ 33. Bxf3 Qe5
34. Qc3 Qf5 35. Bg2 d4 36. exd4 Bxg2 37. Kxg2 cxd4 38. Qf3 Qd7 39. Rxc8 Rxc8
40. Rd1 Rd8 41. Qc6 1/2-1/2

[Event "2. Bundesliga Mitte 2005/2006"]
[Site "Ansfelden"]
[Date "2005.11.06"]
[Round "4.6"]
[White "Stohl, Igor"]
[Black "Stevic, Hrvoje"]
[Result "1/2-1/2"]
[WhiteElo "2548"]
[BlackElo "2511"]
[PlyCount "41"]
[EventDate "2005.??.??"]

1. c4 c5 2. Nf3 Nc6 3. d4 cxd4 4. Nxd4 g6 5. e4 Nf6 6. Nc3 d6 7. Be2 Nxd4 8.
Qxd4 Bg7 9. O-O O-O 10. Qe3 Be6 11. Rb1 Qb6 12. b3 Qxe3 13. Bxe3 Ng4 14. Bxg4
Bxc3 15. Bxe6 fxe6 16. Rfc1 Bb4 17. Kf1 Rac8 18. Ke2 Bc5 19. b4 Bxe3 20. Kxe3
Rc7 21. Rc2 1/2-1/2

[Event "2. Bundesliga Mitte 2005/2006"]
[Site "Ansfelden"]
[Date "2005.11.06"]
[Round "4.6"]
[White "Steflitsch, Erich"]
[Black "Bawart, Markus"]
[Result "1/2-1/2"]
[WhiteElo "2352"]
[BlackElo "2338"]
[PlyCount "26"]
[EventDate "2005.??.??"]

1. d4 d5 2. c4 c6 3. Nf3 Nf6 4. Nc3 e6 5. cxd5 exd5 6. Bg5 Be7 7. e3 Bf5 8. Bd3
Bxd3 9. Qxd3 O-O 10. O-O Nbd7 11. Rab1 Re8 12. b4 a6 13. a4 h6 1/2-1/2

[Event "2. Bundesliga Mitte 2005/2006"]
[Site "Ansfelden"]
[Date "2005.11.06"]
[Round "4.6"]
[White "Arwanitakis, Michael"]
[Black "Schachinger, Mario"]
[Result "1-0"]
[WhiteElo "2254"]
[BlackElo "2183"]
[PlyCount "137"]
[EventDate "2005.??.??"]

1. e4 e6 2. d4 d5 3. Nc3 Bb4 4. Nge2 dxe4 5. a3 Bxc3+ 6. Nxc3 Nc6 7. Bb5 Nge7
8. Bg5 f6 9. Be3 O-O 10. Qd2 a6 11. Bxc6 Nxc6 12. O-O-O e5 13. d5 Ne7 14. Nxe4
Bf5 15. f3 Bxe4 16. fxe4 Nc8 17. g4 Nd6 18. Qd3 Qe8 19. Bc5 Rf7 20. Kb1 Qa4 21.
Rhe1 Rc8 22. b3 Qb5 23. Bb4 Qd7 24. h3 Ra8 25. c4 a5 26. Bc3 a4 27. b4 b5 28.
c5 Nc4 29. Bb2 Rd8 30. Bc1 Qc8 31. Rf1 c6 32. d6 Qe6 33. Rf3 Rdd7 34. Qf1 Kf8
35. Qf2 Ke8 36. Rf1 h6 37. Qh4 Kd8 38. Qh5 Rf8 39. h4 Kc8 40. Qf5 Qxf5 41. Rxf5
Rh8 42. R5f3 Rf7 43. Kc2 Kd7 44. Kd1 Ke6 45. Ke2 g6 46. R1f2 h5 47. Rg2 Rg7 48.
Rfg3 hxg4 49. Rxg4 Rgh7 50. Rf2 Rxh4 51. Rxf6+ Kxf6 52. Bg5+ Ke6 53. Bxh4 Rg8
54. Rg3 g5 55. Bxg5 Nxa3 56. Rxa3 Rxg5 57. Rh3 Rg2+ 58. Kf3 Rd2 59. Rh6+ Kf7
60. Kg4 Kg7 61. Re6 a3 62. Rxe5 a2 63. Re7+ Kf6 64. e5+ Kg6 65. Ra7 Rd4+ 66.
Kf3 Kf5 67. Rxa2 Kxe5 68. Re2+ Kd5 69. d7 1-0

[Event "2. Bundesliga Mitte 2005/2006"]
[Site "Ansfelden"]
[Date "2005.11.06"]
[Round "4.6"]
[White "Manhardt, Thomas"]
[Black "Toefferl, Heimo"]
[Result "1/2-1/2"]
[WhiteElo "2121"]
[BlackElo "2116"]
[PlyCount "90"]
[EventDate "2005.??.??"]

1. e4 e6 2. c4 d5 3. cxd5 exd5 4. exd5 Nf6 5. Nc3 Nxd5 6. Bc4 Be6 7. Qb3 Nb6 8.
Bxe6 fxe6 9. Qxe6+ Qe7 10. Qxe7+ Bxe7 11. d4 Nc6 12. Nf3 O-O-O 13. Be3 Bf6 14.
O-O-O Nd5 15. Bg5 Rhf8 16. Bxf6 Rxf6 17. Nxd5 Rxd5 18. Rhe1 Rf4 19. Re8+ Rd8
20. Rxd8+ Kxd8 21. d5 Nb8 22. Rd4 Rf5 23. Rg4 g6 24. Rg5 Rf4 25. Kd2 Nd7 26.
Ke3 Ra4 27. a3 Nb6 28. Kd3 Ke7 29. h4 Kd6 30. h5 Nxd5 31. g3 Ne7 32. Ne5 Ke6
33. f4 Ra5 34. h6 Rd5+ 35. Ke4 Rd1 36. Nd3 b6 37. Re5+ Kf7 38. g4 Rh1 39. g5
Nf5 40. Rxf5+ gxf5+ 41. Kxf5 Rd1 42. Ne5+ Kg8 43. Ke6 a5 44. f5 Rd6+ 45. Ke7
Rd5 1/2-1/2

[Event "2. Bundesliga Mitte 2005/2006"]
[Site "Ansfelden"]
[Date "2005.11.06"]
[Round "4.1"]
[White "Krebs, Johann"]
[Black "Rumpl, Erwin"]
[Result "0-1"]
[WhiteElo "2213"]
[BlackElo "2290"]
[PlyCount "112"]
[EventDate "2005.??.??"]

1. d4 d5 2. Nf3 c6 3. c4 Nf6 4. Nc3 dxc4 5. a4 c5 6. d5 e6 7. e4 Nxe4 8. Nxe4
exd5 9. Nc3 Be6 10. Bg5 Be7 11. Qd2 Bxg5 12. Nxg5 Nc6 13. Be2 Nd4 14. Bd1 O-O
15. O-O b6 16. Re1 a6 17. Ne2 Qf6 18. Ra3 Rfe8 19. Nxd4 Qxd4 20. Qc1 h6 21. Nf3
Qf6 22. Rae3 b5 23. Re5 b4 24. Bc2 Rec8 25. Qe3 b3 26. Bd1 Rab8 27. Nd2 Rb4 28.
Bf3 d4 29. Qe4 c3 30. Nf1 cxb2 31. Nd2 Rxa4 32. Bg4 Bxg4 33. Re8+ Rxe8 34.
Qxe8+ Kh7 35. Qxa4 Be6 36. Qa3 c4 37. Ne4 Qg6 38. Qxb2 c3 39. Qb1 b2 40. Qd3
Ba2 41. Qxd4 b1=Q 42. Rxb1 Bxb1 43. Nxc3 Qd3 44. Qc5 Ba2 45. h3 Bc4 46. Qe5 f6
47. Qe1 f5 48. Kh2 Qd4 49. Nd1 Qf4+ 50. g3 Qe4 51. Ne3 Bd5 52. Qg1 Bc6 53. h4
a5 54. Qf1 a4 55. g4 a3 56. gxf5 Qxh4+ 0-1

[Event "2. Bundesliga Mitte 2005/2006"]
[Site "Ansfelden"]
[Date "2005.11.06"]
[Round "4.2"]
[White "Ebner, Hubert"]
[Black "Winiwarter, Felix"]
[Result "1/2-1/2"]
[WhiteElo "2258"]
[BlackElo "2119"]
[PlyCount "33"]
[EventDate "2005.??.??"]

1. d4 Nf6 2. c4 c5 3. d5 e6 4. Nc3 exd5 5. cxd5 d6 6. e4 g6 7. Nf3 Bg7 8. Bd3
O-O 9. h3 Re8 10. O-O a6 11. a4 Nbd7 12. Bf4 Qe7 13. Re1 Nh5 14. Bg5 f6 15. Be3
Bf8 16. Qd2 Qf7 17. a5 1/2-1/2

[Event "2. Bundesliga Mitte 2005/2006"]
[Site "Ansfelden"]
[Date "2005.11.06"]
[Round "4.3"]
[White "Poeltl, Thomas"]
[Black "Kreisl, Robert"]
[Result "1/2-1/2"]
[WhiteElo "2159"]
[BlackElo "2241"]
[PlyCount "93"]
[EventDate "2005.??.??"]

1. d4 Nf6 2. c4 g6 3. Nc3 d5 4. cxd5 Nxd5 5. e4 Nxc3 6. bxc3 Bg7 7. Be2 c5 8.
Nf3 O-O 9. Rb1 b6 10. Be3 Bb7 11. d5 Bxc3+ 12. Kf1 Bg7 13. h4 Nd7 14. h5 Nf6
15. hxg6 hxg6 16. Ng5 Nxe4 17. Nxe4 Qxd5 18. f3 Qxd1+ 19. Rxd1 Rfd8 20. Kf2 Bd5
21. Rd2 Bc6 22. Rhd1 Rxd2 23. Rxd2 Kf8 24. Bc4 Ke8 25. Ke2 Be5 26. Bd5 Bb5+ 27.
Kd1 Rc8 28. f4 Bc7 29. Nc3 Ba6 30. a4 e6 31. Bc6+ Kf8 32. Rd7 Rd8 33. Nb5 Rxd7+
34. Bxd7 Bb8 35. Bc6 Ke7 36. Ke2 Bc8 37. Kf3 a6 38. Nc3 Kd6 39. Ba8 Bc7 40.
Ne4+ Ke7 41. Bf2 f5 42. Bh4+ Kf8 43. Nc3 Bd7 44. Bb7 b5 45. Bxa6 Bc6+ 46. Ke3
bxa4 47. Bb5 1/2-1/2

[Event "2. Bundesliga Mitte 2005/2006"]
[Site "Ansfelden"]
[Date "2006.02.03"]
[Round "5.3"]
[White "Meszaros, Tamas"]
[Black "Neubauer, Martin"]
[Result "0-1"]
[WhiteElo "2400"]
[BlackElo "2444"]
[PlyCount "88"]
[EventDate "2006.??.??"]

1. e4 e5 2. Nf3 Nc6 3. d4 exd4 4. Nxd4 Nf6 5. Nxc6 bxc6 6. e5 Qe7 7. Qe2 Nd5 8.
c4 Nb6 9. Nc3 Qe6 10. Qe4 g6 11. Bd3 Ba6 12. b3 Bg7 13. f4 O-O 14. O-O d5 15.
cxd5 cxd5 16. Qe2 Bxd3 17. Qxd3 c5 18. Nb5 Rfc8 19. Bb2 d4 20. Rae1 c4 21. bxc4
Qxc4 22. Qxc4 Rxc4 23. Bxd4 a6 24. Bxb6 axb5 25. Rf2 Bf8 26. g3 Ra6 27. Be3 f6
28. exf6 Kf7 29. Kg2 Kxf6 30. Rd1 Rca4 31. Rdd2 b4 32. Bd4+ Kf7 33. f5 Bh6 34.
Rd3 Rxa2 35. fxg6+ Kxg6 36. Rb3 Rxf2+ 37. Kxf2 Ra2+ 38. Kg1 Bf8 39. Bf2 Ra3 40.
Rb1 Kf5 41. Re1 Rd3 42. Re8 Bd6 43. Re3 Rxe3 44. Bxe3 Ke4 0-1

[Event "2. Bundesliga Mitte 2005/2006"]
[Site "Ansfelden"]
[Date "2006.??.??"]
[Round "5.3"]
[White "Jurkovic, Hrvoje"]
[Black "Sandhu, Mario"]
[Result "1/2-1/2"]
[WhiteElo "2433"]
[BlackElo "2291"]
[PlyCount "120"]
[EventDate "2006.??.??"]

1. e4 c6 2. d4 d5 3. Nc3 g6 4. Nf3 Bg7 5. h3 Nf6 6. e5 Ne4 7. Nxe4 dxe4 8. Ng5
c5 9. e6 Bxe6 10. Nxe6 fxe6 11. dxc5 Qxd1+ 12. Kxd1 Nd7 13. Bb5 O-O-O 14. Bxd7+
Rxd7+ 15. Ke2 Bd4 16. Rd1 Rhd8 17. c3 Bxc5 18. Rxd7 Rxd7 19. Be3 Bxe3 20. Kxe3
Rd3+ 21. Ke2 Kc7 22. Rd1 Rxd1 23. Kxd1 Kd6 24. Kd2 b5 25. Ke3 Kd5 26. Kf4 h6
27. h4 a5 28. b3 b4 29. c4+ Kd4 30. Kg3 a4 31. Kf4 a3 32. Kg3 e5 33. Kg4 Kc3
34. c5 Kb2 35. c6 Kxa2 36. c7 Kb2 37. c8=Q a2 38. Qc5 a1=Q 39. Qxe5+ Ka2 40.
Qa5+ Kb1 41. Qxb4 Qe5 42. Qc4 Kb2 43. b4 g5 44. g3 gxh4 45. Kxh4 Qg5+ 46. Kh3
Qh5+ 47. Kg2 Qf3+ 48. Kg1 e3 49. fxe3 Qxe3+ 50. Kg2 e5 51. Qc5 Qd2+ 52. Qf2 Kc3
53. Qxd2+ Kxd2 54. b5 e4 55. b6 e3 56. b7 e2 57. b8=Q e1=Q 58. Qd8+ Kc3 59. Kf3
Qf1+ 60. Kg4 Qe2+ 1/2-1/2

[Event "2. Bundesliga Mitte 2005/2006"]
[Site "Ansfelden"]
[Date "2006.??.??"]
[Round "5.4"]
[White "Stevic Hrvoje"]
[Black "Sebenik Matej"]
[Result "1/2-1/2"]
[WhiteElo "2528"]
[BlackElo "2407"]
[PlyCount "29"]
[EventDate "2006.??.??"]

1. e4 e6 2. d4 d5 3. e5 c5 4. c3 Nc6 5. Nf3 Bd7 6. Be2 Nge7 7. O-O Ng6 8. Be3
cxd4 9. cxd4 Be7 10. Nc3 O-O 11. Bd3 Rc8 12. Rc1 Na5 13. Nd2 Nc4 14. Nxc4 dxc4
15. Bxg6 1/2-1/2

[Event "2. Bundesliga Mitte 2005/2006"]
[Site "Ansfelden"]
[Date "2006.02.03"]
[Round "5.4"]
[White "Jeric, Simon"]
[Black "Schachinger, Mario"]
[Result "0-1"]
[WhiteElo "2332"]
[BlackElo "2183"]
[PlyCount "128"]
[EventDate "2006.??.??"]

1. e4 e6 2. d4 d5 3. e5 c5 4. c3 Nc6 5. Nf3 Bd7 6. Be2 Qc7 7. O-O f6 8. Re1
O-O-O 9. Bf4 h6 10. Bg3 f5 11. Na3 g5 12. h3 f4 13. Bh2 c4 14. Nc2 Nge7 15. b3
cxb3 16. axb3 Ng6 17. c4 Be7 18. Bd3 Rdg8 19. c5 h5 20. Bxg6 Rxg6 21. Qd3 Rg7
22. Nd2 g4 23. Bxf4 gxh3 24. g3 h2+ 25. Kxh2 h4 26. Kg2 Rf8 27. Bh6 Rxf2+ 28.
Kxf2 Rxg3 29. Nf3 Be8 30. Re3 Bg6 31. Qc3 Bd8 32. Rg1 Qh7 33. Rxg3 hxg3+ 34.
Kxg3 Bxc2 35. Bf4 Be4 36. b4 Qg6+ 37. Kf2 Qg4 38. Bg3 Bxf3 39. Rxf3 Nxd4 40.
Rf4 Qe2+ 41. Kg1 Qd1+ 42. Kg2 Ne2 43. Qf3 Nxf4+ 44. Qxf4 Qc2+ 45. Kg1 Qg6 46.
Kf2 Kd7 47. Qd2 Qf5+ 48. Kg2 Qg4 49. Kh2 Bh4 50. Bf4 Qf3 51. Kg1 Bg3 52. Be3
Bxe5 53. b5 Qg4+ 54. Kh1 Qc4 55. Qf2 Qe4+ 56. Kg1 Qg4+ 57. Kh1 Qh3+ 58. Kg1
Bh2+ 59. Qxh2 Qxe3+ 60. Kf1 Qc1+ 61. Kg2 Qd2+ 62. Kh3 Qxh2+ 63. Kxh2 e5 64. Kg3
Kc7 0-1

[Event "2. Bundesliga Mitte 2005/2006"]
[Site "Ansfelden"]
[Date "2006.??.??"]
[Round "5.4"]
[White "Waldmann Gerald"]
[Black "Starc Christian"]
[Result "1/2-1/2"]
[WhiteElo "2175"]
[BlackElo "2159"]
[PlyCount "63"]
[EventDate "2006.??.??"]

1. e4 c5 2. Nf3 Nc6 3. d4 cxd4 4. Nxd4 Nf6 5. Nc3 e5 6. Ndb5 d6 7. Bg5 a6 8.
Na3 Be6 9. Nc4 Rc8 10. Ne3 Nd4 11. Bd3 Be7 12. Bxf6 Bxf6 13. O-O O-O 14. Ncd5
Bg5 15. c3 Nc6 16. Kh1 Bxe3 17. Nxe3 Ne7 18. f4 exf4 19. Rxf4 Ng6 20. Rf2 Qg5
21. Qd2 Qe5 22. Nf5 Rfd8 23. Nd4 Re8 24. a3 f6 25. Bc2 Bf7 26. Rd1 Rcd8 27. Ba4
Rf8 28. Bc2 Ne7 29. Re1 Rfe8 30. Ba4 b5 31. Bd1 Qc5 32. Bb3 1/2-1/2

[Event "2. Bundesliga Mitte 2005/2006"]
[Site "Ansfelden"]
[Date "2006.02.03"]
[Round "5.4"]
[White "Muellneritsch, Anton"]
[Black "Toefferl, Heimo"]
[Result "0-1"]
[WhiteElo "2199"]
[BlackElo "2116"]
[PlyCount "72"]
[EventDate "2006.??.??"]

1. e4 e6 2. d4 d5 3. Nc3 Bb4 4. exd5 exd5 5. Bd3 Ne7 6. Qf3 Nd7 7. Nge2 c5 8.
dxc5 Nxc5 9. Bb5+ Bd7 10. O-O O-O 11. Bg5 f6 12. Be3 Bc6 13. Qg4 Bxc3 14. Nxc3
f5 15. Qh4 Ne4 16. Nxe4 fxe4 17. Be2 Qe8 18. Bc5 Rf6 19. Bh5 Qd7 20. Qg4 Nf5
21. Qg5 h6 22. Qg4 Kh7 23. Qh3 Qc7 24. Bg4 g6 25. Qc3 Rf7 26. Rfe1 b6 27. Bd4
Qf4 28. Bxf5 gxf5 29. Be5 Qg5 30. Rad1 f4 31. h4 Qf5 32. Bd4 Bd7 33. Qh3 Qh5
34. Qh2 Rc8 35. Bc3 e3 36. fxe3 fxe3 0-1

[Event "2. Bundesliga Mitte 2005/2006"]
[Site "Ansfelden"]
[Date "2006.??.??"]
[Round "5.4"]
[White "Sternat Roland"]
[Black "Sereinig Eduard"]
[Result "0-1"]
[WhiteElo "2111"]
[BlackElo "2186"]
[PlyCount "72"]
[EventDate "2006.??.??"]

1. d4 Nf6 2. Nf3 g6 3. c4 Bg7 4. Nc3 O-O 5. e4 d6 6. Be2 e5 7. O-O Nc6 8. Bg5
h6 9. Be3 Ng4 10. d5 Nxe3 11. fxe3 Ne7 12. Qc2 f5 13. Bd3 c6 14. Rfe1 cxd5 15.
cxd5 a6 16. Rac1 Bd7 17. Nd2 b5 18. a3 f4 19. Kh1 g5 20. Qd1 g4 21. exf4 exf4
22. Be2 h5 23. h3 Ng6 24. Rg1 Bd4 25. Nb3 Bxg1 26. Qxg1 Qh4 27. Nd4 Ne5 28. Qe1
Qxe1+ 29. Rxe1 f3 30. gxf3 Nxf3 31. Bxf3 gxf3 32. Rf1 Bxh3 33. Rxf3 Rxf3 34.
Nxf3 Rf8 35. Ng5 Rf1+ 36. Kh2 Bg4 0-1

[Event "2. Bundesliga Mitte 2005/2006"]
[Site "Ansfelden"]
[Date "2006.02.03"]
[Round "5.5"]
[White "Horvath, Adam"]
[Black "Mohr, Georg"]
[Result "1/2-1/2"]
[WhiteElo "2436"]
[BlackElo "2458"]
[PlyCount "53"]
[EventDate "2006.??.??"]

1. e4 g6 2. d4 Bg7 3. Nc3 c6 4. f4 d5 5. e5 h5 6. Nf3 Nh6 7. Be2 Bg4 8. Be3 Nf5
9. Bf2 e6 10. O-O Nd7 11. Qd2 Bf8 12. Nd1 b5 13. b3 Rc8 14. Nb2 Ba3 15. Nd3
Bxf3 16. Bxf3 c5 17. dxc5 Nxc5 18. Nxc5 Bxc5 19. a4 bxa4 20. Bxc5 Rxc5 21. Qb4
Qb6 22. Qxa4+ Rc6+ 23. Rf2 a6 24. Qa5 Qa7 25. Qa4 Qb6 26. Qa5 Qa7 27. Qa4
1/2-1/2

[Event "2. Bundesliga Mitte 2005/2006"]
[Site "Ansfelden"]
[Date "2006.02.03"]
[Round "5.5"]
[White "Horvath, Gyula"]
[Black "Sakelsek, Tadej"]
[Result "1/2-1/2"]
[WhiteElo "2441"]
[BlackElo "2421"]
[PlyCount "56"]
[EventDate "2006.??.??"]

1. c4 Nf6 2. Nf3 e6 3. g3 d5 4. Bg2 dxc4 5. Qa4+ Nbd7 6. Qxc4 a6 7. O-O b5 8.
Qc2 Bb7 9. b3 c5 10. Bb2 Qb6 11. d3 Be7 12. Nbd2 O-O 13. Rac1 Rac8 14. Qb1 Rfd8
15. Qa1 Ne8 16. Rc2 Bf6 17. Rfc1 Bxb2 18. Qxb2 Nef6 19. a3 Rc7 20. h3 Rdc8 21.
Ne5 Bxg2 22. Nxd7 Nxd7 23. Kxg2 Qd6 24. Nf3 f6 25. d4 cxd4 26. Rxc7 Rxc7 27.
Rxc7 Qxc7 28. Qxd4 Qc6 1/2-1/2